00346cam a22000977a 4500008004000000082001500040245009700055260005000152300000900202700003700211180718b1946 xxu||||| |||| 00| 0 eng d aZ2x42 Un3f aHow Britain was fed in war time: food control 1939-1945cby Ministry of Food, United Kingdom aLondonbHis Majesty's Stationery Officec1946 a65p. aUnited Kingdom. Ministry of Food